Football: Espoir mondial - Statistiques

Statistiques générales
  • Ce quiz a été pris 140 fois
  • Le résultat moyen est 6 sur 15
Statistiques - réponses
Nationalité Club Poste Age Valeur Joueur % Correct
Français Psg Mil 17 60M Zaire-emery
97%
Français Bayern Munich Att 18 50M Tel
80%
Nigerian Bayer 04 Att 23 40M Boniface
67%
Espagnol Barcelone Mil 16 60M Yamal
63%
Irlandais Brighton Att 19 65M Ferguson
50%
Bresil Palmeiras Att 17 45M Endrick
44%
Allemand AC Milan Def 22 30M Thiaw
44%
Belge PSV Att 20 40M Bakayoko
33%
Portugais Benfica Def 20 45 Silva
29%
Turque Juventus Mil 18 10M Yildiz
19%
Belge Antwerp Mil 18 30M Vermeeren
10%
Français Antwerp Att 17 7M Ilenikhena
8%
Argentin Boca Junior Mil 17 12M Echeverri
7%
Koweit Copenhague Att 18 9M Bardghji
5%
Allemand Shalke 04 Mil 17 8M Ouedraogo
3%
Aucun quiz correspondant
Distribution des résultats
% des personnes avec chaque résultat
Percentile par nombre de réponses
Votre historique - résultats
Vous n’avez pas pris ce quiz